000
00289nam a22001337a 4500
008
170816b xxu||||| |||| 00| 0 eng d
020
_a
0201144557
041
_a
eng
080
_a
004
100
_a
35
101
_a
SHK
245
_a
COMPILER DESIGN THEORY
_c
LEWIS,.P.M
942
_2
udc
_c
BK
999
_c
23674
_d
23674